Online
Catalog

The teaching of literature with special reference to developing countries / (Record no. 1431)

MARC details
000 -CABECERA
campo de control de longitud fija 00646cam a2200193 a 4500
001 - NÚMERO DE CONTROL
campo de control 000001528
005 - FECHA Y HORA DE LA ÚLTIMA TRANSACCIÓN
campo de control 20200929145617.0
008 - DATOS DE LONGITUD FIJA--INFORMACIÓN GENERAL
campo de control de longitud fija 730523r19711972cc 000 0 eng d
020 ## - NÚMERO INTERNACIONAL ESTÁNDAR DEL LIBRO
Número Internacional Estándar del Libro 0582526027
040 ## - FUENTE DE LA CATALOGACIÓN
Centro catalogador/agencia de origen DO-SdBNP
Centro/agencia transcriptor DLC
Centro/agencia modificador DLC
082 ## - NÚMERO DE LA CLASIFICACIÓN DECIMAL DEWEY
Número de clasificación 807
Número de documento/Ítem M817t
100 1# - ENTRADA PRINCIPAL--NOMBRE DE PERSONA
Nombre de persona Moody, H. L. B.
Forma completa/desarrollada del nombre (Harold Leonard Birch),
Fechas asociadas al nombre 1919-
9 (RLIN) 5022
245 14 - MENCIÓN DE TÍTULO
Título The teaching of literature with special reference to developing countries /
Mención de responsabilidad, etc. H.L.B. Moody.
260 ## - PUBLICACIÓN, DISTRIBUCIÓN, ETC.
Lugar de publicación, distribución, etc. London :
Nombre del editor, distribuidor, etc. Longman,
Fecha de publicación, distribución, etc. 1971
Fecha de fabricación/manufactura 1972
300 ## - DESCRIPCIÓN FÍSICA
Extensión [6], 112 p. :
Otras características físicas il. ;
Dimensiones 22 cm.
650 #4 - PUNTO DE ACCESO ADICIONAL DE MATERIA--TÉRMINO DE MATERIA
Término de materia o nombre geográfico como elemento de entrada Literatura
Subdivisión general Enseñanza
9 (RLIN) 5023
910 ## - DATOS DE OPCIÓN DEL USUARIO (OCLC)
Datos de opción del usuario Catalogación por copia / LC
910 ## - DATOS DE OPCIÓN DEL USUARIO (OCLC)
Datos de opción del usuario Jornada de catalogación
Holdings
Estado de retiro Estado de pérdida Restricciones de uso No para préstamo Localización permanente Ubicación/localización actual Ubicación en estantería Fecha de adquisición Fuente de adquisición Número de inventario Total de préstamos Signatura topográfica completa Código de barras Fecha visto por última vez Precio válido a partir de Tipo de ítem Koha
      Excluido de préstamo General General Depósito 23.07.2009 002344 LF1   807 M817t 1528-10 25.06.2020 25.06.2020 No se presta

Powered by Koha